Az ágost. hitv. evang. zsinat számára külőn bizottságok által elkészitett Munkálatok. Az 1869-ki egyetem gyülés meghagyásából

Bibliographic Details
Other Authors: Seberini, Gustáv Adolf, 1816-1890 (Compiler), Horňanský, Viktor (Printer)
Format: Book
Language:Hungarian
PhysicalDescription:vi, 54 strán, 1 nečíslovaná stana 24 cm
Subjects:

MARC

LEADER 00000nam a2200000 4500
001 vtls001154925
003 SK-MaSNL
005 20260301063218.0
008 180126s1870 hu f 00100 hun
015 |a SNBHFA 
035 |a SNK000097820 
040 |a SNK  |b slo  |c SNK  |e rda 
041 0 |a hun 
043 |a e-hu--- 
044 |a hu  |c HU 
072 7 |a 27  |x Kresťanstvo. Kresťanská cirkev všeobecne. Ekleziológia  |2 konspekt 
072 7 |a 271/279  |x Kresťanské cirkvi, sekty, denominácie  |2 konspekt 
080 |a 27-732.3/.4  |2 2011 
080 |a 274/279  |2 2011 
080 |a (439)  |2 2011 
130 0 |a Az ágost.  |9 378585 
245 1 3 |a Az ágost. hitv. evang. zsinat számára külőn bizottságok által elkészitett Munkálatok.  |b Az 1869-ki egyetem gyülés meghagyásából  |c Egybeállitotta Szeberenyi Gusztáv 
264 3 |a Pest  |b Nyomatta Hornyánszky Victor  |c 1870 
300 |a vi, 54 strán, 1 nečíslovaná stana  |c 24 cm 
500 |a Titulná strana s ozdobnou linkou 
504 |a Register 
508 |a Predslov 
563 |a Väzba: previazaná v pevnom prebale 
650 0 7 |a synody  |2 SNKPH  |9 4150 
650 0 7 |a evanjelické cirkvi  |2 SNKPH  |9 64962 
651 7 |a Maďarsko  |2 SNKPHgeo  |9 16754 
700 1 |a Seberini, Gustáv Adolf,  |d 1816-1890  |4 com  |9 218610 
700 1 |a Horňanský, Viktor  |4 prt  |9 378586 
752 |a Maďarsko  |d Budapešť 
852 |a snk  |p SC 120 
958 |a ONDV 
958 |a DF 
999 |c 623301  |d 625231 
952 |a SNK  |b SNK  |y PREZ  |7 0  |p 17A0714085  |o snkSC 120  |i snk370/31  |0 0  |1 0  |4 0  |d 2026-01-12  |l 0  |r 2026-02-23 17:01:57  |w 2026-02-23